000 00806cab a2200241 4500
001 WB3207-07
008 090401t1996 xxu||||| |||| 00| 0 eng d
035 _a(Sirsi) u27803
041 _aeng
245 _aDocklands market undented
260 _c1996
350 _a0
490 _aProperty Week
_v54(7) 15 February 1996, 2-3(2)
520 _aOccupiers and potential occupiers say they are not deterred from taking office space in Docklands. Professional reaction including that of investors in Northern Ireland.
650 _aBOMB DAMAGE
650 _aINVESTMENT MARKET
650 _aLONDON DOCKLANDS
650 _aPROPERTY-COMMERCIAL PROPERTY-OFFICE PROPERTY-OFFICE PROPERTY MARKET
650 _aSOUTH QUAY
690 _aPROPERTY-COMMERCIAL PROPERTY
942 _n0
948 _c04/03/1997
999 _c18733
_d18733